| 000 | 00782nam a2200229Ia 4500 | ||
|---|---|---|---|
| 003 | 0 | ||
| 005 | 20250129094459.0 | ||
| 008 | 190909s9999 xx 000 0 und d | ||
| 050 |
_aPGS HF 5415 _b.H995 2019 |
||
| 100 | _aHyeon, Koo Bon. | ||
| 245 |
_aGender and spending habits / _cKoo Bon Hyeon. |
||
| 260 |
_aLas PiƱas City, Philippines: _bSouthville International School and Colleges, _c2017. |
||
| 300 |
_a25 p. : _bill. ; _c28 cm. |
||
| 500 | _aIncludes bibliographical references. | ||
| 504 | _aIncludes bibliographical references. | ||
| 650 | _aConsumer behavior. | ||
| 650 | _aSpending habits. | ||
| 650 | _aGender differences in consumer behavior. | ||
| 650 |
_aEconomic behavior _vGender aspects. |
||
| 650 |
_aFinance _vPsychological aspects. |
||
| 942 |
_2lcc _cPASS |
||
| 999 |
_c362082 _d362082 |
||